000 00480nam a2200181Ia 4500
008 240925s9999 xx 000 0 und d
020 _a9788131530245
082 _a512.5 POO
100 _aPoole, David
245 0 _aLinear Algebra: A modern introduction
250 _a4th
260 _aNew Delhi:
_bCengage Learning
_c,2018.
300 _aVarious pages
_b0
_fNA
500 _aIncludes Index
600 _aHumanities & Natural Science
650 _aMathematics
942 _cBK
999 _c14417
_d14417